Výťahový systém - mechatronický model
Salvato in:
| Autore principale: | |
|---|---|
| Altri autori: | |
| Natura: | Manoscritto Libro |
| Lingua: | slovacco |
| Pubblicazione: |
Bratislava :
STU v Bratislave FEI,
2024
|
| Soggetti: | |
| Accesso online: | https://opac.crzp.sk/?fn=detailBiblioFormChildEJ935&sid=E866CA411CD4E51497B08069BB2C&seo=CRZP-detail-kniha |
| Tags: |
Nessun Tag, puoi essere il primo ad aggiungerne!!
|
MARC
| LEADER | 00000ntm a22000003a 4500 | ||
|---|---|---|---|
| 001 | stuzp98027 | ||
| 003 | SK-STU | ||
| 005 | 20250429101401.2 | ||
| 007 | ta | ||
| 008 | 150427s2015----xo-----f-mn---000-0-slo-d | ||
| 040 | |a STU |b slo | ||
| 041 | 0 | |a slo | |
| 044 | |a xo | ||
| 100 | 1 | |a Richter, Erik |u 030400 |4 aut |U FEI Fakulta elektrotechniky a informatiky |T FEI Ústav automobilovej mechatroniky |X 97918 |U E400 |Y 642 |7 97918 | |
| 242 | 0 | 1 | |a Elevator system - mechatronic model |y eng |
| 245 | 1 | 0 | |a Výťahový systém - mechatronický model |
| 260 | |a Bratislava : |b STU v Bratislave FEI, |c 2024 | ||
| 300 | |a 66 s. | ||
| 650 | 4 | |a výťah |2 slo | |
| 650 | 4 | |a mechatronika |2 slo | |
| 650 | 4 | |a model |2 slo | |
| 650 | 4 | |a riadenie motora |2 slo | |
| 650 | 4 | |a trakcia |2 slo | |
| 650 | 4 | |a mechatronic model |2 eng | |
| 650 | 4 | |a traction |2 eng | |
| 650 | 4 | |a engine control |2 eng | |
| 650 | 4 | |a elevator |2 eng | |
| 700 | 1 | |a Goga, Vladimír |u 030400 |k Z1 |4 ths |U FEI Fakulta elektrotechniky a informatiky |T FEI Ústav automobilovej mechatroniky |X 10291 |U E400 |Y 642 |7 A000010291 | |
| 856 | 4 | |u https://opac.crzp.sk/?fn=detailBiblioFormChildEJ935&sid=E866CA411CD4E51497B08069BB2C&seo=CRZP-detail-kniha | |